000 00425nam a2200121Ia 4500
008 170224s9999 xx 000 0 und d
245 _a“Decision sidestepping: How the motivation for closure prompts individuals to bypass decision making”: Correction to Otto et al. (2016).
260 _bJournal of Personality and Social Psychology
260 _c2016
300 _a111:3
500 _aSeptember
650 _xPsychology.
999 _c316327
_d316327